Statistics for 500 Most Common Spanish Words

Click here to take the quiz!

General Stats

  • This quiz has been taken 713 times
  • The average score is 66 of 500

Answer Stats

Word% Correct
e
97%
a
93%
no
90%
o
88%
y
83%
el
80%
él
80%
si
80%
80%
es
77%
la
76%
se
76%
76%
71%
tu
71%
mi
68%
68%
de
66%
te
66%
por
62%
yo
62%
que
61%
qué
61%
me
60%
un
60%
ella
59%
ha
59%
lo
59%
está
57%
esta
57%
nos
55%
ti
55%
en
52%
le
49%
uno
46%
como
45%
cómo
45%
las
45%
los
45%
para
45%
soy
44%
ni
43%
al
42%
dos
42%
sin
42%
nosotros
41%
su
41%
con
39%
ve
39%
ser
38%
una
36%
ellos
35%
ir
35%
día
34%
porque
34%
tengo
34%
tres
34%
vi
34%
esto
33%
tener
33%
buen
32%
usted
32%
da
31%
donde
31%
dónde
31%
eres
31%
hace
31%
va
31%
estar
30%
son
30%
tiene
29%
bueno
27%
comer
27%
cuándo
27%
cuando
27%
más
27%
mas
27%
ustedes
27%
bien
26%
he
26%
mis
26%
hola
25%
quien
25%
quién
25%
cinco
24%
estas
24%
estás
24%
hacer
24%
muy
24%
pero
24%
tus
24%
voy
24%
éste
22%
este
22%
hombre
22%
nada
22%
sus
22%
tienes
22%
vamos
22%
cuatro
21%
del
21%
cuál
20%
están
20%
estoy
20%
también
20%
somos
19%
ver
19%
gracias
18%
madre
18%
mucho
18%
mujer
18%
padre
18%
ah
17%
amo
17%
ese
17%
estamos
17%
favor
17%
fue
17%
gusta
17%
habla
17%
has
17%
les
17%
niño
17%
noche
17%
quiero
17%
sabe
17%
vas
17%
hay
16%
hey
16%
hoy
16%
mal
16%
mío
16%
adiós
15%
año
15%
comida
15%
cuánto
15%
dar
15%
eso
15%
haber
15%
mañana
15%
menos
15%
nuestro
15%
papá
15%
todo
15%
ya
15%
mamá
14%
poder
14%
quiere
14%
agua
13%
ahora
13%
ay
13%
buena
13%
desde
13%
fui
13%
gran
13%
saber
13%
siempre
13%
tan
13%
amor
12%
aquí
12%
buenos
12%
esa
12%
puede
12%
van
12%
chica
11%
chico
11%
después
11%
hablar
11%
hasta
11%
nuestra
11%
tiempo
11%
algún
10%
allí
10%
amigo
10%
cree
10%
decir
10%
días
10%
grande
10%
hago
10%
hora
10%
llama
10%
os
10%
otro
10%
poco
10%
puedo
10%
señor
10%
tienen
10%
unos
10%
hermano
9%
tenemos
9%
algo
8%
así
8%
dios
8%
entonces
8%
entre
8%
haces
8%
hija
8%
hijo
8%
malo
8%
nadie
8%
nombre
8%
nuevo
8%
nunca
8%
pasa
8%
pueden
8%
puedes
8%
quieres
8%
sobre
8%
tarde
8%
unas
8%
venir
8%
vivir
8%
dice
7%
feliz
7%
hermana
7%
otra
7%
semana
7%
señora
7%
tal
7%
todos
7%
antes
6%
bajo
6%
buenas
6%
cada
6%
ciudad
6%
conmigo
6%
contigo
6%
cosa
6%
dormir
6%
era
6%
esos
6%
estaba
6%
gente
6%
han
6%
mano
6%
mejor
6%
mismo
6%
muchas
6%
ningún
6%
pequeño
6%
persona
6%
podemos
6%
salir
6%
tanto
6%
tío
6%
toda
6%
trabajo
6%
ves
6%
vez
6%
abajo
5%
allá
5%
alto
5%
años
5%
arriba
5%
aún
5%
cabeza
5%
coche
5%
debe
5%
escuela
5%
estos
5%
fin
5%
hacen
5%
hemos
5%
noches
5%
oye
5%
pues
5%
quieren
5%
sabes
5%
solo
5%
sólo
5%
toma
5%
vida
5%
ahí
4%
algunos
4%
aunque
4%
cara
4%
corazón
4%
esas
4%
familia
4%
había
4%
hice
4%
juego
4%
mira
4%
muchos
4%
otros
4%
pasar
4%
pregunta
4%
pronto
4%
saben
4%
siento
4%
tomar
4%
trabajar
4%
ud
4%
viene
4%
alguna
3%
amigos
3%
ayuda
3%
casi
3%
cerca
3%
chicas
3%
chicos
3%
contra
3%
creo
3%
deja
3%
digo
3%
dinero
3%
escucha
3%
esposa
3%
fuera
3%
hacia
3%
hecho
3%
hiciste
3%
hijos
3%
llegar
3%
mayor
3%
necesito
3%
niños
3%
nuestros
3%
número
3%
ojos
3%
parte
3%
pueda
3%
queda
3%
sea
3%
será
3%
todas
3%
vaya
3%
venga
3%
veo
3%
volver
3%
adelante
2%
alguien
2%
atrás
2%
basta
2%
bastante
2%
camino
2%
dejar
2%
dices
2%
encontrar
2%
entrar
2%
eran
2%
fácil
2%
fiesta
2%
guerra
2%
ido
2%
importa
2%
io
2%
loco
2%
luego
2%
necesita
2%
ninguna
2%
parece
2%
pasado
2%
pasó
2%
pensar
2%
posible
2%
primer
2%
puerta
2%
sola
2%
tenía
2%
última
2%
acuerdo
1%
auto
1%
cariño
1%
caso
1%
claro
1%
clase
1%
conozco
1%
cosas
1%
cuerpo
1%
debería
1%
deberías
1%
debes
1%
debo
1%
demasiado
1%
dentro
1%
dicen
1%
dicho
1%
difícil
1%
dije
1%
dijo
1%
dime
1%
dólares
1%
dr
1%
durante
1%
eh
1%
entiendo
1%
estado
1%
final
1%
forma
1%
fuerte
1%
genial
1%
gustaría
1%
haciendo
1%
haga
1%
haré
1%
hizo
1%
hombres
1%
horas
1%
iba
1%
igual
1%
importante
1%
jefe
1%
joven
1%
juntos
1%
justo
1%
lado
1%
lugar
1%
manos
1%
miedo
1%
minutos
1%
momento
1%
morir
1%
muerte
1%
muerto
1%
mujeres
1%
mundo
1%
nueva
1%
oh
1%
paz
1%
pensé
1%
podría
1%
policía
1%
primera
1%
primero
1%
pueblo
1%
punto
1%
puta
1%
quería
1%
quizá
1%
rápido
1%
razón
1%
sabía
1%
sangre
1%
sr
1%
srta
1%
suerte
1%
supongo
1%
supuesto
1%
tenido
1%
todavía
1%
único
1%
vale
1%
veces
1%
vete
1%
viejo
1%
visto
1%
vuelta
1%
calquier
0%
capitán
0%
cierto
0%
crees
0%
cuenta
0%
cuidado
0%
culpa
0%
dame
0%
debemos
0%
déjame
0%
dijiste
0%
doctor
0%
espara
0%
espero
0%
hablando
0%
hacerlo
0%
haya
0%
historia
0%
hubiera
0%
idea
0%
iré
0%
listo
0%
maldita
0%
maldito
0%
manera
0%
meses
0%
mientras
0%
mierda
0%
misma
0%
personsas
0%
podía
0%
problema
0%
problemas
0%
querida
0%
quizása
0%
realidad
0%
realmente
0%
seguro
0%
sería
0%
serio
0%
sido
0%
significa
0%
sigue
0%
siquiera
0%
sra
0%
suficiente
0%
tierra
0%
tipo
0%
verdad
0%
vino
0%
vuelve
0%

Score Distribution

Percentile by Number Answered

Percent of People with Each Score

Your Score History

You have not taken this quiz